书目信息 |
| 题名: |
大企业病
|
|
| 作者: | 林军 | |
| 分册: | ||
| 出版信息: | 杭州 浙江人民出版社 2003 |
|
| 页数: | 360 | |
| 开本: | 21cm | |
| 丛书名: | ||
| 单 册: | ||
| 中图分类: | F279.24 | |
| 科图分类: | ||
| 主题词: | 企业经济 | |
| 电子资源: | ||
| ISBN: | 7-213-02597-X | |
| 000 | 00472nam0 2200181 450 | |
| 001 | 0760515518 | |
| 005 | 20070817164835.51 | |
| 010 | @a7-213-02597-X@d¥25.00 | |
| 100 | @a20070817d km y0chiy0120 ea | |
| 101 | 0 | @achi |
| 200 | 1 | @a大企业病@Ada qi ye bing@f林军@Flin jun |
| 210 | @a杭州@c浙江人民出版社@d2003 | |
| 215 | @a360@d21cm | |
| 606 | 0 | @a企业经济 |
| 690 | @aF279.24@v3 | |
| 701 | 0 | @a林军@Alin jun |
| 801 | 0 | @aCN@bPFT@c20070817 |
| 905 | @a213230@dF279.24@eg179@f1 | |
| 大企业病/林军.-杭州:浙江人民出版社,2003 |
| 360;21cm |
| ISBN 7-213-02597-X:¥25.00 |
| ● |
| 相关链接 |
|
|
|
|
正题名:大企业病
索取号:F279.24/g179
 
预约/预借
| 序号 | 登录号 | 条形码 | 馆藏地/架位号 | 状态 | 备注 |
| 1 | 6502208 | 265022085 | 密集书库-海洋学院/ [索取号:F279.24/g179] | 在馆 |